[Event "LSS No Engine Cup 215 Final"]
[Site "LSS email"]
[Date "2021.09.19"]
[Round "?"]
[White "Mostowik, Daniel"]
[Black "Zonneveld, Will"]
[Result "1/2-1/2"]
[WhiteElo "2016"]
[BlackElo "2362"]
[PlyCount "102"]
[EventDate "2021.09.19"]
[EventType "tourn (corr)"]
[EventRounds "6"]
[EventCountry "GER"]
[SourceTitle "Corr 2024"]
[Source "ChessBase"]
[SourceDate "2023.10.19"]
[SourceVersion "1"]
[SourceVersionDate "2023.10.19"]
[SourceQuality "1"]

1. e4 e5 2. Nf3 Nc6 3. Bb5 a6 4. Ba4 Nf6 5. 0-0 Be7 6. Re1 b5 7. Bb3 d6 8. c3 0-0 9. h3 Re8 10. Ng5 Rf8 11. Nf3 Bb7 12. d4 Re8 13. a3 h6 14. Ba2 Bf8 15. d5 Ne7 16. b3 c6 17. c4 cxd5 18. cxd5 Ng6 19. Nc3 Bc8 20. Bd2 Nh5 21. Kh2 Nhf4 22. Ng1 Be7 23. Bb1 Bg5 24. Ra2 Nf8 25. Rf1 N4g6 26. Be1 Bd7 27. a4 b4 28. Nce2 a5 29. Nf3 Rc8 30. Nd2 Bf4+ 31. g3 Qg5 32. Ng1 Bxd2 33. Bxd2 Qd8 34. Qe2 Rc5 35. Rc2 Rxc2 36. Bxc2 Nh7 37. Rc1 f5 38. exf5 Ne7 39. g4 Nxd5 40. Qa6 Qb6 41. Qxb6 Nxb6 42. Ne2 Nf6 43. Ng3 Rc8 44. f4 Be8 45. Bd3 Rxc1 46. Bxc1 Bf7 47. fxe5 dxe5 48. Be3 Nbd7 49. Bc2 Bd5 50. Bg1 Bc6 51. Bd1 Bd5 1/2-1/2

[Event "LSS No Engine Cup 192 Final"]
[Site "LSS email"]
[Date "2020.05.06"]
[Round "?"]
[White "Jenneborg, Seved"]
[Black "Zonneveld, Will"]
[Result "0-1"]
[WhiteElo "2152"]
[BlackElo "2276"]
[PlyCount "110"]
[EventDate "2020.05.06"]
[EventType "tourn (corr)"]
[EventRounds "6"]
[EventCountry "GER"]
[SourceTitle "Corr 2022"]
[Source "ChessBase"]
[SourceDate "2021.10.24"]
[SourceVersion "1"]
[SourceVersionDate "2021.10.24"]
[SourceQuality "1"]

1. e4 e5 2. Nf3 Nc6 3. Bb5 a6 4. Bxc6 dxc6 5. 0-0 f6 6. d4 Bg4 7. c3 Bd6 8. Be3 Ne7 9. dxe5 fxe5 10. Nbd2 0-0 11. Qb3+ Kh8 12. Qxb7 Be6 13. b4 Qd7 14. Ba7 Ng6 15. Kh1 a5 16. Ng5 Bg8 17. bxa5 c5 18. Rfd1 Qe8 19. Nb3 Nf4 20. Nf3 Nxg2 21. Kxg2 Qg6+ 22. Kh1 Qh5 23. Rg1 Qxf3+ 24. Rg2 Be6 25. Kg1 Bh3 26. Rg3 Qxf2+ 27. Kh1 Qe2 28. Nd2 Qxd2 29. Rxh3 Qe2 30. Kg1 Be7 31. Qb1 Rxa7 32. Qe1 Qc4 33. Qd2 Rxa5 34. Qd3 Qe6 35. Rf3 Rf4 36. Rxf4 exf4 37. Qf3 Ra4 38. Qxf4 Rxe4 39. Qf3 g6 40. Rf1 Kg7 41. c4 Re2 42. Qc3+ Kh6 43. Qf3 Bd6 44. Rf2 Re3 45. Qg2 Re1+ 46. Rf1 Re2 47. Rf2 Qe3 48. Qf3 Re1+ 49. Kg2 Qg5+ 50. Kh3 Re3 51. Qxe3 Qxe3+ 52. Kg2 Bxh2 53. Kf1 Be5 54. Re2 Qd3 55. a4 Bg3 0-1

[Event "LSS No Engine Cup 192 Final"]
[Site "LSS email"]
[Date "2020.05.06"]
[Round "?"]
[White "Pech, Jaroslav Sr"]
[Black "Zonneveld, Will"]
[Result "0-1"]
[WhiteElo "1643"]
[BlackElo "2276"]
[PlyCount "112"]
[EventDate "2020.05.06"]
[EventType "tourn (corr)"]
[EventRounds "6"]
[EventCountry "GER"]
[SourceTitle "Corr 2022"]
[Source "ChessBase"]
[SourceDate "2021.10.24"]
[SourceVersion "1"]
[SourceVersionDate "2021.10.24"]
[SourceQuality "1"]

1. c4 e5 2. Nc3 Nf6 3. Nf3 Nc6 4. g3 Bb4 5. Bg2 0-0 6. 0-0 Bxc3 7. bxc3 e4 8. Nd4 h6 9. d3 exd3 10. exd3 Nxd4 11. cxd4 d5 12. Re1 Be6 13. c5 c6 14. Qc2 Qd7 15. Bf4 b5 16. Bd6 Rfc8 17. a4 Ne8 18. Bf4 a6 19. Qd2 Bf5 20. f3 h5 21. Ra2 Nc7 22. Rea1 Ra7 23. axb5 Nxb5 24. Be3 Rca8 25. h4 Qe6 26. Bf2 Nc7 27. Rb2 Nb5 28. Rba2 Qf6 29. Ra4 Kh7 30. Bf1 Bc8 31. Kg2 Rb7 32. Re1 Nc7 33. Re5 g6 34. Re1 Rab8 35. Qe3 Rb2 36. Kg1 Nb5 37. Rc1 Ra8 38. f4 Qe6 39. Qxe6 Bxe6 40. Rca1 Nc7 41. Be3 Bg4 42. Ra5 Re8 43. Bc1 Rb3 44. Kf2 Ne6 45. R1a2 Rb1 46. Ra1 Reb8 47. Rxb1 Rxb1 48. Be3 Rb2+ 49. Kg1 Nc7 50. Ra3 Kg8 51. Bf2 Rb1 52. Kg2 Rb2 53. Kg1 Kg7 54. Be3 Kf6 55. Bf2 Kf5 56. Be1 Ke6 0-1

[Event "LSS No Engine Cup 190 Final"]
[Site "LSS email"]
[Date "2020.02.09"]
[Round "?"]
[White "Schleef, Harald"]
[Black "Zonneveld, Will"]
[Result "1/2-1/2"]
[WhiteElo "1851"]
[BlackElo "2274"]
[PlyCount "88"]
[EventDate "2020.02.09"]
[EventType "tourn (corr)"]
[EventRounds "6"]
[EventCountry "GER"]
[SourceTitle "Corr 2022"]
[Source "ChessBase"]
[SourceDate "2021.10.24"]
[SourceVersion "1"]
[SourceVersionDate "2021.10.24"]
[SourceQuality "1"]

1. Nf3 Nf6 2. d4 g6 3. c4 Bg7 4. Nc3 0-0 5. g3 d6 6. Bg2 Nc6 7. 0-0 a6 8. d5 Na5 9. Nd2 c5 10. Qc2 e5 11. dxe6 Bxe6 12. b3 d5 13. cxd5 Nxd5 14. Bb2 Nb4 15. Qc1 Nac6 16. Nde4 Rc8 17. Nxc5 Nd4 18. Nxe6 fxe6 19. Qd1 Ndc2 20. Qxd8 Rfxd8 21. Rad1 Rxd1 22. Nxd1 b5 23. Bh3 Kf7 24. Bxg7 Kxg7 25. Ne3 Nxe3 26. fxe3 Rc6 27. a4 h5 28. Kf2 bxa4 29. bxa4 Kf6 30. Bg2 Rc3 31. Rd1 a5 32. Rd6 g5 33. h3 g4 34. hxg4 hxg4 35. Rd4 Rc2 36. Ba8 Kg5 37. Be4 Ra2 38. Rd8 Rxa4 39. Rg8+ Kf6 40. Rxg4 Nd5 41. Rg6+ Kf7 42. Bd3 Ra1 43. Rg5 a4 44. e4 Nb4 1/2-1/2

[Event "LSS No Engine Cup 190 Final"]
[Site "LSS email"]
[Date "2020.02.09"]
[Round "?"]
[White "Szczepanski, Zbigniew"]
[Black "Zonneveld, Will"]
[Result "1/2-1/2"]
[WhiteElo "2142"]
[BlackElo "2274"]
[PlyCount "61"]
[EventDate "2020.02.09"]
[EventType "tourn (corr)"]
[EventRounds "6"]
[EventCountry "GER"]
[SourceTitle "Corr 2022"]
[Source "ChessBase"]
[SourceDate "2021.10.24"]
[SourceVersion "1"]
[SourceVersionDate "2021.10.24"]
[SourceQuality "1"]

1. d4 d5 2. c4 c6 3. Nc3 Nf6 4. cxd5 cxd5 5. Bf4 Nc6 6. e3 a6 7. Bd3 Bg4 8. Nge2 e6 9. Rc1 Bd6 10. Qd2 Be7 11. 0-0 Bh5 12. Na4 Bg6 13. Nc5 Bxd3 14. Qxd3 Qb6 15. Na4 Qa7 16. Bg5 0-0 17. Qb3 h6 18. Bxf6 Bxf6 19. Qb6 Qxb6 20. Nxb6 Rad8 21. Rfd1 g5 22. Rc3 Kg7 23. g3 h5 24. Kg2 Rh8 25. h3 h4 26. g4 Rhe8 27. Na4 Be7 28. Nc1 Bb4 29. Rc2 Bd6 30. Nd3 Re7 31. Rb1 1/2-1/2

[Event "LSS No Engine Cup 190 Final"]
[Site "LSS email"]
[Date "2020.02.09"]
[Round "?"]
[White "Zonneveld, Will"]
[Black "Kelemen, Gyoergy"]
[Result "1/2-1/2"]
[WhiteElo "2274"]
[BlackElo "2149"]
[PlyCount "67"]
[EventDate "2020.02.09"]
[EventType "tourn (corr)"]
[EventRounds "6"]
[EventCountry "GER"]
[SourceTitle "Corr 2022"]
[Source "ChessBase"]
[SourceDate "2021.10.24"]
[SourceVersion "1"]
[SourceVersionDate "2021.10.24"]
[SourceQuality "1"]

1. d4 Nf6 2. c4 e6 3. Nf3 b6 4. g3 Ba6 5. b3 Bb4+ 6. Bd2 Be7 7. Bg2 d5 8. Ne5 c6 9. Bc3 0-0 10. Nd2 Bb7 11. 0-0 Nbd7 12. e4 Nxe5 13. dxe5 Nd7 14. cxd5 cxd5 15. exd5 Bxd5 16. Bxd5 exd5 17. f4 Rc8 18. Bd4 Nc5 19. f5 Bg5 20. Qe2 Bxd2 21. Qxd2 Ne4 22. Qf4 Qg5 23. Qxg5 Nxg5 24. Be3 h6 25. Rad1 Rfd8 26. Kg2 Ne4 27. Rc1 d4 28. Rxc8 Rxc8 29. Kf3 Nxg3 30. hxg3 dxe3 31. Kxe3 Rc3+ 32. Kf4 Kf8 33. Rd1 Ke7 34. Rd2 1/2-1/2

[Event "LSS No Engine Cup 190 Final"]
[Site "LSS email"]
[Date "2020.02.09"]
[Round "?"]
[White "Zonneveld, Will"]
[Black "Vasseur, Olivier"]
[Result "1-0"]
[WhiteElo "2274"]
[BlackElo "1779"]
[PlyCount "61"]
[EventDate "2020.02.09"]
[EventType "tourn (corr)"]
[EventRounds "6"]
[EventCountry "GER"]
[SourceTitle "Corr 2022"]
[Source "ChessBase"]
[SourceDate "2021.10.24"]
[SourceVersion "1"]
[SourceVersionDate "2021.10.24"]
[SourceQuality "1"]

1. e4 g6 2. d4 Bg7 3. c4 d6 4. Nc3 Nf6 5. Nf3 0-0 6. Be2 e5 7. d5 a5 8. Bg5 h6 9. Bh4 Na6 10. 0-0 Qe8 11. Nd2 Bd7 12. b3 Nh7 13. f3 f5 14. a3 h5 15. Kh1 b6 16. Rb1 g5 17. Bf2 f4 18. b4 Nf6 19. bxa5 bxa5 20. Nb5 h4 21. c5 dxc5 22. Nc3 h3 23. g4 fxg3 24. Bxg3 Nh5 25. Rg1 Kh8 26. Nc4 Nf4 27. Qf1 Qh5 28. Bxf4 Rxf4 29. Qd1 Be8 30. d6 Rd8 31. Nd5 1-0

[Event "LSS No Engine Cup 186 Final"]
[Site "LSS email"]
[Date "2019.10.27"]
[Round "?"]
[White "Hatsek, Werner"]
[Black "Zonneveld, Will"]
[Result "1/2-1/2"]
[WhiteElo "2240"]
[BlackElo "2346"]
[PlyCount "41"]
[EventDate "2019.10.27"]
[EventType "tourn (corr)"]
[EventRounds "6"]
[EventCountry "GER"]
[SourceTitle "Corr 2022"]
[Source "ChessBase"]
[SourceDate "2021.10.24"]
[SourceVersion "1"]
[SourceVersionDate "2021.10.24"]
[SourceQuality "1"]

1. d4 Nf6 2. c4 e6 3. Nc3 Bb4 4. a3 Bxc3+ 5. bxc3 c5 6. Qc2 d6 7. e4 cxd4 8. cxd4 Nc6 9. Nf3 0-0 10. Be2 e5 11. d5 Na5 12. h3 b6 13. Be3 Ne8 14. Bd3 Ba6 15. Nd2 Nf6 16. 0-0 Rc8 17. Rac1 Nd7 18. Qd1 Rc7 19. Rc3 Qh4 20. Qb1 Qe7 21. Be2 1/2-1/2

[Event "LSS No Engine Cup 186 Final"]
[Site "LSS email"]
[Date "2019.10.27"]
[Round "?"]
[White "Mcdaniel, Curtis"]
[Black "Zonneveld, Will"]
[Result "1/2-1/2"]
[WhiteElo "1987"]
[BlackElo "2346"]
[PlyCount "55"]
[EventDate "2019.10.27"]
[EventType "tourn (corr)"]
[EventRounds "6"]
[EventCountry "GER"]
[SourceTitle "Corr 2022"]
[Source "ChessBase"]
[SourceDate "2021.10.24"]
[SourceVersion "1"]
[SourceVersionDate "2021.10.24"]
[SourceQuality "1"]

1. e4 e6 2. d4 d5 3. Nd2 c5 4. Ngf3 cxd4 5. exd5 Qxd5 6. Bc4 Qd6 7. 0-0 Nf6 8. Nb3 Nc6 9. Re1 Be7 10. Nbxd4 Nxd4 11. Qxd4 Qxd4 12. Nxd4 0-0 13. Nf5 Bc5 14. Be3 Bb4 15. c3 exf5 16. cxb4 Be6 17. b3 Rfc8 18. Rac1 Nd5 19. Bxd5 Rxc1 20. Rxc1 Bxd5 21. b5 h6 22. f3 g5 23. Rc5 Be6 24. Rc7 f4 25. Bd4 b6 26. h4 Kh7 27. hxg5 hxg5 28. Be5 1/2-1/2

[Event "LSS No Engine Cup 186 Final"]
[Site "LSS email"]
[Date "2019.10.27"]
[Round "?"]
[White "Svrsek Jr, Radomir"]
[Black "Zonneveld, Will"]
[Result "0-1"]
[WhiteElo "1862"]
[BlackElo "2346"]
[PlyCount "116"]
[EventDate "2019.10.27"]
[EventType "tourn (corr)"]
[EventRounds "6"]
[EventCountry "GER"]
[SourceTitle "Corr 2022"]
[Source "ChessBase"]
[SourceDate "2021.10.24"]
[SourceVersion "1"]
[SourceVersionDate "2021.10.24"]
[SourceQuality "1"]

1. e4 e6 2. d4 d5 3. Nc3 Bb4 4. e5 c5 5. Nf3 Ne7 6. Bd2 cxd4 7. Nb5 Bxd2+ 8. Qxd2 0-0 9. Nbxd4 Qc7 10. Qe3 Nbc6 11. Bd3 Nxd4 12. Nxd4 Nc6 13. Nf3 f6 14. exf6 gxf6 15. c3 e5 16. Bc2 Kh8 17. 0-0 Rg8 18. g3 Qf7 19. Bb3 Be6 20. Rfe1 a5 21. Ba4 Rae8 22. Qb6 Rc8 23. Bxc6 bxc6 24. Qxa5 Qh5 25. Nd2 Rg6 26. Qa6 e4 27. Qe2 Qh3 28. f3 f5 29. Qe3 h5 30. Nf1 h4 31. Re2 Rcg8 32. Rg2 d4 33. Qxd4+ Kh7 34. f4 e3 35. Qxe3 Bd5 36. Qf2 Re8 37. b3 Bxg2 38. Qxg2 Qg4 39. Qd2 Re2 40. Qd7+ Rg7 41. Qd3 Rge7 42. Rd1 h3 43. a4 Rg2+ 44. Kh1 Rf2 45. Kg1 Rxf4 46. Qc2 Rf3 47. Rc1 Kg8 48. Qa2 f4 49. b4+ Rf7 50. Qc4 Qg5 51. Re1 fxg3 52. Re8+ Kh7 53. Qe4+ Kh6 54. Re6+ Kg7 55. Qd4+ R7f6 56. Qd7+ Rf7 57. Qd4+ R3f6 58. hxg3 Qd5 0-1

[Event "LSS No Engine Cup 192 Preliminary 0"]
[Site "LSS email"]
[Date "2019.08.15"]
[Round "?"]
[White "Littlewood, Richard"]
[Black "Zonneveld, Will"]
[Result "0-1"]
[WhiteElo "1644"]
[BlackElo "2342"]
[PlyCount "44"]
[EventDate "2019.08.16"]
[EventType "tourn (corr)"]
[EventRounds "6"]
[EventCountry "GER"]
[SourceTitle "Corr 2022"]
[Source "ChessBase"]
[SourceDate "2021.10.24"]
[SourceVersion "1"]
[SourceVersionDate "2021.10.24"]
[SourceQuality "1"]

1. e4 e6 2. d4 d5 3. Nd2 c5 4. exd5 exd5 5. Bb5+ Nc6 6. Ngf3 Bd6 7. 0-0 cxd4 8. Nxd4 Nge7 9. N2f3 0-0 10. Bg5 Qb6 11. c4 Nxd4 12. Qxd4 Qxd4 13. Nxd4 a6 14. Bxe7 Bxe7 15. cxd5 Bf6 16. Ne2 axb5 17. Rfd1 Bd7 18. Rd2 b4 19. h3 Be5 20. d6 Ra6 21. f4 Bxd6 22. a3 Re8 0-1

[Event "LSS No Engine Cup 192 Preliminary 0"]
[Site "LSS email"]
[Date "2019.08.15"]
[Round "?"]
[White "Pehl, Ferenc"]
[Black "Zonneveld, Will"]
[Result "0-1"]
[WhiteElo "1140"]
[BlackElo "2342"]
[PlyCount "56"]
[EventDate "2019.08.16"]
[EventType "tourn (corr)"]
[EventRounds "6"]
[EventCountry "GER"]
[SourceTitle "Corr 2022"]
[Source "ChessBase"]
[SourceDate "2021.10.24"]
[SourceVersion "1"]
[SourceVersionDate "2021.10.24"]
[SourceQuality "1"]

1. e4 c5 2. Nf3 d6 3. h3 Nf6 4. Nc3 Nc6 5. d4 cxd4 6. Nxd4 e5 7. Nxc6 bxc6 8. Bd3 Be7 9. 0-0 0-0 10. a3 Be6 11. Bd2 Nd7 12. Re1 Nc5 13. Be3 d5 14. exd5 cxd5 15. Bd2 Qd6 16. Qc1 Rac8 17. Bf1 d4 18. Ne4 Nxe4 19. Rxe4 Bf5 20. Bd3 Bxe4 21. Bxe4 f5 22. Bd3 e4 23. Bf1 Qb6 24. Rb1 f4 25. Bxf4 e3 26. fxe3 d3 27. Kh1 dxc2 28. Ra1 Bf6 0-1

[Event "LSS No Engine Cup 192 Preliminary 0"]
[Site "LSS email"]
[Date "2019.08.15"]
[Round "?"]
[White "Zonneveld, Will"]
[Black "Plastinin, Alexandr"]
[Result "1-0"]
[WhiteElo "2342"]
[BlackElo "1459"]
[PlyCount "45"]
[EventDate "2019.08.16"]
[EventType "tourn (corr)"]
[EventRounds "6"]
[EventCountry "GER"]
[SourceTitle "Corr 2022"]
[Source "ChessBase"]
[SourceDate "2021.10.24"]
[SourceVersion "1"]
[SourceVersionDate "2021.10.24"]
[SourceQuality "1"]

1. c4 e5 2. Nc3 Nf6 3. Nf3 Nc6 4. g3 d6 5. d4 exd4 6. Nxd4 Be7 7. Nxc6 bxc6 8. Bg2 Bd7 9. b3 0-0 10. Bb2 d5 11. cxd5 cxd5 12. Nxd5 Re8 13. Nxe7+ Qxe7 14. Bxa8 Rxa8 15. Bxf6 Qxf6 16. 0-0 Rd8 17. Qc2 Bh3 18. Rfd1 Rd6 19. Qxc7 Rxd1+ 20. Rxd1 h6 21. Qd8+ Qxd8 22. Rxd8+ Kh7 23. Ra8 1-0

[Event "LSS No Engine Cup 190 Preliminary 0"]
[Site "LSS email"]
[Date "2019.05.19"]
[Round "?"]
[White "Kuttner, Jaromir"]
[Black "Zonneveld, Will"]
[Result "0-1"]
[WhiteElo "1089"]
[BlackElo "2340"]
[PlyCount "46"]
[EventDate "2019.05.20"]
[EventType "tourn (corr)"]
[EventRounds "6"]
[EventCountry "GER"]
[SourceTitle "Corr 2022"]
[Source "ChessBase"]
[SourceDate "2021.10.24"]
[SourceVersion "1"]
[SourceVersionDate "2021.10.24"]
[SourceQuality "1"]

1. e4 c5 2. Nf3 d6 3. d4 cxd4 4. Nxd4 Nf6 5. Nc3 a6 6. g3 e5 7. Nde2 Be7 8. Bg2 0-0 9. h3 b5 10. a3 Nbd7 11. g4 Nb6 12. Ng3 Be6 13. 0-0 d5 14. exd5 Nfxd5 15. Nxd5 Bxd5 16. Be3 Bxg2 17. Kxg2 Nc4 18. Qxd8 Rfxd8 19. Nf5 Bf8 20. Bc1 Rac8 21. Re1 f6 22. b3 Nb6 23. Re2 Nd5 0-1

[Event "LSS No Engine Cup 190 Preliminary 0"]
[Site "LSS email"]
[Date "2019.05.19"]
[Round "?"]
[White "Wilshusen, Horst"]
[Black "Zonneveld, Will"]
[Result "0-1"]
[WhiteElo "1597"]
[BlackElo "2340"]
[PlyCount "58"]
[EventDate "2019.05.20"]
[EventType "tourn (corr)"]
[EventRounds "6"]
[EventCountry "GER"]
[SourceTitle "Corr 2022"]
[Source "ChessBase"]
[SourceDate "2021.10.24"]
[SourceVersion "1"]
[SourceVersionDate "2021.10.24"]
[SourceQuality "1"]

1. e4 e6 2. d4 d5 3. Nc3 Bb4 4. e5 c5 5. a3 Bxc3+ 6. bxc3 Qc7 7. a4 Ne7 8. Nf3 b6 9. Bb5+ Bd7 10. Be2 0-0 11. 0-0 Nbc6 12. Ba3 Na5 13. Bb5 Bxb5 14. axb5 a6 15. dxc5 bxc5 16. bxa6 Rxa6 17. Re1 Nc4 18. Qc1 Rfa8 19. Bb2 Rxa1 20. Bxa1 Nc6 21. Qg5 Ra2 22. h4 Rxc2 23. h5 h6 24. Qg3 Ra2 25. Nh4 Qa5 26. f4 Rxa1 27. Rxa1 Qxa1+ 28. Kh2 Nd2 29. f5 Nf1+ 0-1

[Event "OP-2019-0-04708"]
[Site "LSS email"]
[Date "2019.01.12"]
[Round "?"]
[White "Caviglia, Maximiliano"]
[Black "Zonneveld, Will"]
[Result "0-1"]
[WhiteElo "1341"]
[BlackElo "2093"]
[PlyCount "46"]
[EventDate "2019.01.04"]
[EventType "tourn (corr)"]
[EventRounds "4"]
[EventCountry "GER"]
[SourceTitle "Corr 2022"]
[Source "ChessBase"]
[SourceDate "2021.10.24"]
[SourceVersion "1"]
[SourceVersionDate "2021.10.24"]
[SourceQuality "1"]

1. d4 Nf6 2. Bf4 c5 3. Nf3 cxd4 4. Qxd4 d6 5. Qd2 h6 6. Nc3 e5 7. Bg3 Be6 8. e4 Nbd7 9. Be2 Be7 10. 0-0 a6 11. h3 Rc8 12. Bh4 g5 13. Bg3 Rg8 14. Bd3 Qb6 15. Rab1 Nh5 16. Bh2 Ndf6 17. Kh1 Qc6 18. Ng1 g4 19. Rbd1 gxh3 20. Nxh3 Bd8 21. Qxh6 Rg6 22. Qd2 Ba5 23. Rb1 Bxh3 0-1

[Event "OP-2018-0-04549"]
[Site "LSS email"]
[Date "2018.03.15"]
[Round "?"]
[White "Chapman, Mark"]
[Black "Zonneveld, Will"]
[Result "1/2-1/2"]
[WhiteElo "800"]
[BlackElo "2081"]
[PlyCount "113"]
[EventDate "2018.03.09"]
[EventType "tourn (corr)"]
[EventRounds "4"]
[EventCountry "GER"]
[SourceTitle "Corr 2022"]
[Source "ChessBase"]
[SourceDate "2021.10.24"]
[SourceVersion "1"]
[SourceVersionDate "2021.10.24"]
[SourceQuality "1"]

1. e4 e6 2. d4 d5 3. Nc3 Bb4 4. e5 c5 5. a3 Bxc3+ 6. bxc3 Ne7 7. a4 Nbc6 8. Nf3 b6 9. Bd3 c4 10. Be2 a5 11. Qd2 h6 12. 0-0 Bd7 13. g3 Na7 14. Nh4 b5 15. axb5 Nxb5 16. f4 a4 17. Qe1 h5 18. Bf3 g6 19. Ra2 a3 20. Bg2 Bc6 21. Nf3 Nf5 22. Bd2 Kf8 23. Ng5 Kg7 24. h3 Kg8 25. g4 Ng7 26. Qg3 Qf8 27. f5 exf5 28. gxf5 Nxf5 29. Qf3 Qe7 30. h4 Nc7 31. Bh3 Bd7 32. Qg2 Kf8 33. Nf3 Be6 34. Bg5 Qd7 35. Bxf5 Bxf5 36. Kh2 Nb5 37. Qd2 Rg8 38. Bf6 Ke8 39. Ng5 Qc7 40. Rb1 Ra5 41. Rb4 Qc6 42. Qf4 Be6 43. Nxe6 Qxe6 44. Rxb5 Rxb5 45. Rxa3 Kd7 46. Ra7+ Kc8 47. Bg5 Qf5 48. Qxf5+ gxf5 49. Kg3 Re8 50. Kf4 Rb1 51. Kxf5 Rf1+ 52. Bf4 Rf3 53. Rxf7 Rxc3 54. e6 Rxc2 55. Rc7+ Kd8 56. Rd7+ Kc8 57. Rc7+ 1/2-1/2

[Event "OP-2018-0-04549"]
[Site "LSS email"]
[Date "2018.03.15"]
[Round "?"]
[White "Zonneveld, Will"]
[Black "Pech, Jaroslav Sr"]
[Result "1-0"]
[WhiteElo "2081"]
[BlackElo "1672"]
[PlyCount "91"]
[EventDate "2018.03.09"]
[EventType "tourn (corr)"]
[EventRounds "4"]
[EventCountry "GER"]
[SourceTitle "Corr 2022"]
[Source "ChessBase"]
[SourceDate "2021.10.24"]
[SourceVersion "1"]
[SourceVersionDate "2021.10.24"]
[SourceQuality "1"]

1. d4 d5 2. c4 c6 3. Nc3 Nf6 4. e3 e6 5. Nf3 Nbd7 6. Bd3 dxc4 7. Bxc4 b5 8. Bd3 Bb7 9. a3 a6 10. b4 a5 11. bxa5 Rxa5 12. 0-0 Bd6 13. e4 e5 14. Bb2 Qb8 15. Ne2 0-0 16. Ng3 exd4 17. Nxd4 Rd8 18. Ndf5 Be5 19. Qd2 Bxb2 20. Qxb2 Qe5 21. Qd2 Raa8 22. Qg5 Ne8 23. f4 Qc3 24. Be2 Qc5+ 25. Kh1 Qf8 26. Rad1 f6 27. Qh4 Nb6 28. Rde1 Bc8 29. Bf3 Bxf5 30. Nxf5 Rd2 31. e5 Nd5 32. Rc1 Rxa3 33. Qe1 Rad3 34. Be4 g6 35. Nh4 f5 36. Bxd3 Rxd3 37. Rxc6 b4 38. Qb1 Rc3 39. Rc1 Rxc6 40. Rxc6 Qf7 41. Rc8 Qd7 42. Rb8 Kg7 43. Qd1 Nec7 44. Nf3 Ne6 45. Rxb4 Qc6 46. Ra4 1-0

[Event "LSS No Engine Cup 177 Preliminary 0"]
[Site "LSS email"]
[Date "2018.02.10"]
[Round "?"]
[White "Bester, Kazimierz"]
[Black "Zonneveld, Will"]
[Result "0-1"]
[WhiteElo "1000"]
[BlackElo "2320"]
[PlyCount "44"]
[EventDate "2018.02.11"]
[EventType "tourn (corr)"]
[EventRounds "6"]
[EventCountry "GER"]
[SourceTitle "Corr 2022"]
[Source "ChessBase"]
[SourceDate "2021.10.24"]
[SourceVersion "1"]
[SourceVersionDate "2021.10.24"]
[SourceQuality "1"]

1. f4 d5 2. Nf3 g6 3. e3 Bg7 4. Be2 Nf6 5. 0-0 0-0 6. c3 c5 7. Ne5 Nc6 8. Na3 h5 9. Nxc6 bxc6 10. Rf3 Re8 11. d3 e5 12. fxe5 Rxe5 13. Nc2 Bg4 14. Rf2 Qd6 15. h3 Bxe2 16. Rxe2 c4 17. dxc4 Ne4 18. Qe1 dxc4 19. Nd4 Rd5 20. a3 Be5 21. Qh4 Re8 22. Kh1 Bg3 0-1

[Event "LSS No Engine Cup 177 Preliminary 0"]
[Site "LSS email"]
[Date "2018.02.10"]
[Round "?"]
[White "Feng, Jason"]
[Black "Zonneveld, Will"]
[Result "0-1"]
[WhiteElo "1340"]
[BlackElo "2320"]
[PlyCount "74"]
[EventDate "2018.02.11"]
[EventType "tourn (corr)"]
[EventRounds "6"]
[EventCountry "GER"]
[SourceTitle "Corr 2022"]
[Source "ChessBase"]
[SourceDate "2021.10.24"]
[SourceVersion "1"]
[SourceVersionDate "2021.10.24"]
[SourceQuality "1"]

1. e4 e6 2. Nf3 d5 3. Nc3 Bb4 4. exd5 exd5 5. d4 Nf6 6. Bd3 0-0 7. 0-0 Bg4 8. h3 Bh5 9. Be2 Bxc3 10. bxc3 Re8 11. Ne5 Bxe2 12. Qxe2 Nbd7 13. Re1 c6 14. Qd3 Ne4 15. Nxd7 Qxd7 16. c4 Nd6 17. Rxe8+ Rxe8 18. Be3 Nxc4 19. Rb1 Re6 20. Qb3 b5 21. a4 a6 22. axb5 cxb5 23. Ra1 a5 24. Rb1 Rb6 25. Kf1 a4 26. Qb4 Nxe3+ 27. fxe3 Qf5+ 28. Kg1 Qxc2 29. Kh2 h6 30. Qa5 Qxb1 31. Qxb6 a3 32. Qd8+ Kh7 33. Qxd5 a2 34. e4 Qc2 35. Qxf7 a1Q 36. Qf5+ Kg8 37. Qd5+ Kh8 0-1

[Event "LSS No Engine Cup 177 Preliminary 0"]
[Site "LSS email"]
[Date "2018.02.10"]
[Round "?"]
[White "Glowinski, Daniel"]
[Black "Zonneveld, Will"]
[Result "0-1"]
[WhiteElo "1906"]
[BlackElo "2320"]
[PlyCount "102"]
[EventDate "2018.02.11"]
[EventType "tourn (corr)"]
[EventRounds "6"]
[EventCountry "GER"]
[SourceTitle "Corr 2022"]
[Source "ChessBase"]
[SourceDate "2021.10.24"]
[SourceVersion "1"]
[SourceVersionDate "2021.10.24"]
[SourceQuality "1"]

1. e4 c5 2. Nf3 d6 3. Bb5+ Bd7 4. Bxd7+ Qxd7 5. 0-0 Nc6 6. d3 e6 7. Nc3 Be7 8. h3 Nf6 9. Be3 0-0 10. a3 a6 11. Qd2 b5 12. Rae1 Rfd8 13. Rb1 Rac8 14. Ra1 d5 15. e5 d4 16. exf6 dxc3 17. bxc3 Bxf6 18. Bg5 Bxg5 19. Qxg5 Ne7 20. a4 b4 21. c4 f6 22. Qg4 Nc6 23. Rab1 a5 24. Rfe1 e5 25. Qxd7 Rxd7 26. Kh2 g5 27. Rb2 h5 28. h4 g4 29. Nd2 Nd4 30. Nb3 Nxb3 31. Rxb3 Rd4 32. Rbb1 Kf7 33. Re2 Re8 34. Rbe1 b3 35. Rb1 Rb8 36. Rxb3 Rxb3 37. cxb3 Rxd3 38. Re3 Rd2 39. f3 gxf3 40. Rxf3 Rd4 41. Kg3 Ke6 42. Kf2 Rxh4 43. Re3 Rf4+ 44. Ke1 Kf5 45. Rd3 Rd4 46. Rf3+ Kg5 47. Rh3 Kg4 48. Kf1 f5 49. Rc3 e4 50. Rc2 Kg3 51. Ke1 f4 0-1

[Event "LSS No Engine Cup 166 Final"]
[Site "LSS email"]
[Date "2017.10.05"]
[Round "?"]
[White "Herzog, Klaus"]
[Black "Zonneveld, Will"]
[Result "0-1"]
[WhiteElo "2229"]
[BlackElo "2309"]
[PlyCount "56"]
[EventDate "2017.10.06"]
[EventType "tourn (corr)"]
[EventRounds "6"]
[EventCountry "GER"]
[SourceTitle "Corr 2022"]
[Source "ChessBase"]
[SourceDate "2021.10.24"]
[SourceVersion "1"]
[SourceVersionDate "2021.10.24"]
[SourceQuality "1"]

1. e4 c6 2. d4 d5 3. e5 Bf5 4. Nc3 e6 5. g4 Bg6 6. Nge2 f6 7. h4 fxe5 8. h5 Bf7 9. dxe5 c5 10. f4 Nc6 11. Ng3 Qb6 12. Bd2 0-0-0 13. b3 g5 14. hxg6 Bxg6 15. Bg2 h5 16. Na4 Qc7 17. Nxh5 Nd4 18. Rc1 Bxh5 19. c3 Bxg4 20. Qxg4 Rxh1+ 21. Bxh1 Nh6 22. Qg6 Ndf5 23. Qxe6+ Kb8 24. Qf6 Be7 25. Qe6 c4 26. Bxd5 Ba3 27. bxc4 Qg7 28. Kd1 Qh7 0-1